1523 1574 1079 1687 1989 1092 1423 1281 1867 1671 1159 1309 1205 1818 1811 1411 1477 1928 1657 1211 1051 1698 1502 1153 1197 1820 1684 1268 1516 1307 1452 1660 1704 1487 1201 1005 1000 1726 1682 1873 1705 1235 1822 1277 1589 1665 1304 1972 1911 1368 1156 1364 1077 1660 1970 1637 1225 1062 1375 1384 1925 1005 1373 1236 1436 1395 1979 1749 1849 1815 1942 1492 1323 1212 1894 1662 1646 1046 1645 1301 1887 1673 1455 1921 1831 1121 1186 1939 1167 1207 1748 1878 1537 1411 1206 1263 1409 1958 1357 BCNSPRNW ULIB Ver.6.0+V

เปลี่ยนเป็นภาษาไทย

Change to English
 แสดงรายละเอียดบรรณานุกรม
  กลับหน้าหลัก

Brief Record : Get Marc (ISO 2709) : E-mail record : QR code < ปิดหน้าต่าง
LEADER : 00000nam 2200000 a 4500
001    13399113554
003     ULIB
008    970708s2552 th 000 1 tha d
020    9786160600649
090    ^aนว^bต112จ 2552
100 1  ^aตงนี่
245 10 ^aเจ้าแผ่นดินจอมทระนง /^cตงนี่ แปลโดย มดแดง
250    ^aพิมพ์ครั้งที่ 1
260    ^aกรุงเทพฯ :^bแจ่มใส,^c2552
300    ^a225 หน้า ;^c18 ซม.
490 0  ^aชุดโอรสสวรรค์ร้อยเล่ห์
650  4 ^aนวนิยาย
700 0  ^aมดแดง,^eผู้แปล
945    ^p159^l0^i16294
999 ^a ใช้งานได้ทุกระบบ
รายการนี้ยังไม่มีแท็ก
คุณยังไม่ได้ล็อกอิน คุณสามารถมีกิจกรรมร่วมกับเว็บไซต์ได้ แต่ต้องล็อกอินก่อน ::
  ล็อกอิน

รายการสื่อสารสนเทศ

ลำดับที่ ประเภท เลขเรียก/บาร์โค้ด สถานที่ สถานะ
1. วิทยาศาสตร์การแพทย์ และสุขภาพ
วิทยาศาสตร์การแพทย์ และสุขภาพ
นว ต112จ 2552  
  Barcode: 16294
ห้องสมุดวิทยาเขตสวรรค์ประชารักษ์
►นวนิยาย
บนชั้น
  ขอยืม

รายการใกล้เคียง
    หัวเรื่อง [นวนิยาย]

BibComment


ยังไม่เคยถูกคอมเมนท์

คอมเมนท์ทรัพยากรรายการนี้
  คอมเมนท์: เจ้าแผ่นดินจอมทร..


 Copyright 2026. Bcnsprnw @Library